LEADER 01199nam0-22004091i-450 001 990003789890403321 005 20230512114251.0 035 $a000378989 100 $a20030910d1979----km-y0itay50------ba 101 1 $aita$cfre 102 $aIT 105 $ay-------001yy 200 1 $aDisuguaglianza disuguaglianze$eun'analisi della mobilitŕ sociale$fRoger Girod 210 $aBologna$cil Mulino$dc1979 215 $a218 p.$d22 cm 225 1 $a<>nuova scienza$iSerie di sociologia$v4 454 0$12001$aInégalité, inégalité$eanalyse de la mobilité sociale$93288918 610 0 $aDisuguaglianza$aAspetti sociali 610 0 $aMobilitŕ sociale 676 $a301 676 $a305.513$v20$zita 700 1$aGirod,$bRoger$0102837 801 0$aIT$bUNINA$gRICA$2UNIMARC 901 $aBK 912 $a990003789890403321 952 $aSDI-2KS 260$bs.i.$fSDI 952 $a305.513 GIR 1$b2269$fBFS 952 $aC-IV-13$b1992lav.$fDDRC 952 $aXI Q 52 (4)$b26551*$fFGBC 952 $a14260 GIR$b9280/I$fSES 959 $aBFS 959 $aDDRC 959 $aFGBC 959 $aSES 959 $aSDI 996 $aInégalité, inégalité$93288918 997 $aUNINA